000 00806nam a2200241 4500
003 OSt
005 20240729045130.0
006 a
008 240729b |||||||| |||| 00| 0 eng d
020 _a9780071615693
040 _aDWCL-Main lib.
_cOC
082 _2Second edition
_aCirc. 515.9 S313 2009
110 _aMurray Spiegel
245 _aSchaum’s outlines : complex variables with an introduction to conformal mapping and its applications /
250 _aSecond edition
260 _aN. Y. :
_bMcGraw-Hill,
_cc2009.
300 _aix,
_b374 p. : ill. ;
_c28 cm.
490 _3Schaum’s outline series
504 _aIncludes index.
650 _a1. Functions of complex variables.
650 _a2. Functions of several complex variables.
942 _2ddc
_n0
_cBK-CIRC
_eSecond edition
_kCirc.
999 _c2896
_d2896